000
00305nam a22001337a 4500
008
190305b xxu||||| |||| 00| 0 eng d
020
_a
9780721694290
041
_a
eng
080
_a
617
100
_a
5
101
_a
KIR
245
_a
Atlas of Cervical Spine Surgery
_c
McLaughlin, M,R
942
_2
udc
_c
BK
999
_c
54555
_d
54555